| 000 | 00895nam a2200301 u 4500 | ||
|---|---|---|---|
| 001 | 000020479 | ||
| 003 | DO-SdBNP | ||
| 005 | 20171024075542.0 | ||
| 007 | 000020479 | ||
| 008 | 100809s1993 dr r 000 0 spa d | ||
| 040 |
_aBPMSU _bspa _cBPMSU |
||
| 082 |
_aRD864.44 _bE56c |
||
| 100 | 1 | _aEncarnación, Giordano | |
| 245 | 1 | 0 |
_aCriterios / _cGiordano Encarnación ; presentación Mariano Lebrón Sabiñón. |
| 260 |
_aSanto Domingo : _bBiblioteca Nacional, _c1993. |
||
| 300 |
_a144 p. ; _c21 cm. |
||
| 490 | 1 | _aOrfeo | |
| 490 | 1 | _aEnsayos | |
| 500 | _aIncluye datos biográficos del autor en la contracubierta | ||
| 650 | 4 | _aENSAYOS DOMINICANOS | |
| 650 | 4 | _aLITERATURA DOMINICANA | |
| 700 | 1 |
_aLebrón Sabiñón, Mariano _epres. |
|
| 830 | 0 | _aOrfeo | |
| 830 | 0 | _aEnsayos | |
| 942 |
_2ddc _cCF |
||
| 945 | _aInventariado / 2017 VM | ||
| 956 |
_aVMATEO _b10 _c20150914 _lBPMSU _h0069 |
||
| 999 |
_c7146 _d7146 |
||